Normal view
MARC view
- Air pilots
Entry Topical Term
001 - CONTROL NUMBER
- control field: 12174
003 - CONTROL NUMBER IDENTIFIER
- control field: NUST
005 - DATE AND TIME OF LATEST TRANSACTION
- control field: 20180731095444.0
008 - FIXED-LENGTH DATA ELEMENTS
- fixed length control field: 180731|| aca||aabn | a|a d
040 ## - CATALOGING SOURCE
- Original cataloging agency: NUST
- Transcribing agency: NUST
150 ## - HEADING--TOPICAL TERM
- Topical term or geographic name entry element: Air pilots
- General subdivision: Fiction.
670 ## - SOURCE DATA FOUND
- Source citation: Work cat.: (NUST)233182: Dahl, Roald. 7692, Over to you: ten stories of flyers and flying., 1973.
